000 00427nam a2200157 a 4500
001 000034588
005 20200930073801.0
008 110928s19-- dr ab 000 0 spa d
040 _aDO-SdBNP
_bspa
_cBNPHU
082 _axxxx
_bA553g
100 1 _aAndrade, G.
_960028
245 1 0 _aGuitarra :
_bMétodo fácil. /
_cG. Andrade.
260 _a[s. l. :
_bs. n.,
_c19--?].
300 _a30 p. :
_bil., mús. ;
_c22 cm.
049 _aBNPD
999 _c34079
_d34079